000 01402cam a2200205 4500
001 ABS63262
008 000000n2000 000 0 eng u
035 _a(Sirsi) u110189
100 _aAtkinson, D
245 _aMore haste, less speed
260 _c2000
490 _aConstruction News
_v(6695) 7 December 2000, 32(1)
520 _aExamines the issue of acceleration in construction, where the contractor carries out an obligation in a shorter period than originally planned. Most standard forms of contract allow the contractor to complete the works before the completion date. If the employer does not wish to take possession of the works early, the contract terms must be amended to take this into account. Some forms also give the contract administrator power to order acceleration to achieve the completion date if the delay is the contractor's fault. If completion by a particular date or time is not an obligation under the contract then the contractor will not be able to make a claim for the cost of acceleration measures. Any acceleration agreement needs to establish clearly whether the liquidated damages provisions apply if the revised dates are not met so that the courts can deal relatively quickly and easily.
590 _aABS
650 _aACCELERATION
650 _aCONTRACT CLAIMS
650 _aLAW
690 _aBUILT ENVIRONMENT-BUILDING CONTRACT FORMS
942 _n0
999 _c65712
_d65712